000 00325nam a22001217a 4500
008 230627b xxu||||| |||| 00| 0 eng d
020 _a9210481089
082 _a338.4
_bINC 20026
245 _a2005 Narcotic Drugs Stupefiants Estupefacientes
260 _aNew York
_bUnited Nations
_c2006
300 _aV,345p
942 _2ddc
_cBK
999 _c2800
_d2800